000 00512nam a2200181Ia 4500
003 IN-BaIIA
008 211028s9999 xx 000 0 eng d
040 _cIIA Library
080 _a52(091)
_bKUH
100 _aKuhn, Thomas S
_93474
245 4 _aThe copernican revolution
_cThomas S Kuhn
260 _aCambridge
_bHarvard University Press
_c1957
300 _axviii, 297p.
650 _aAstronomy - History
_9900
650 _aAstronomy and astrophysics thesaurus
650 _aAstrophysics
_9794
942 _cBK
999 _c1794
_d1794